000 00212nam a2200097Ia 4500
008 240331s9999 xx 000 0 und d
082 _bSUB
100 _aSuppu R.D
245 0 _aKalvi ulaviyal kodpaduhal
942 _cL
999 _c3609
_d3609